| 000 -LEADER |
| fixed length control field |
01122cam a2200289 a 4500 |
| 001 - CONTROL NUMBER |
| control field |
(Sirsi) a779992 |
| 003 - CONTROL NUMBER IDENTIFIER |
| control field |
OSt |
| 005 - DATE AND TIME OF LATEST TRANSACTION |
| control field |
20240120114649.0 |
| 008 - FIXED-LENGTH DATA ELEMENTS--GENERAL INFORMATION |
| fixed length control field |
130627r20132012enk c 000 1 eng d |
| 020 ## - INTERNATIONAL STANDARD BOOK NUMBER |
| International Standard Book Number |
9780141345888 (pbk.) : |
| 040 ## - CATALOGING SOURCE |
| Original cataloging agency |
TT |
| Language of cataloging |
eng |
| Transcribing agency |
TAE |
| Modifying agency |
KH8 |
| 042 ## - AUTHENTICATION CODE |
| Authentication code |
nbic |
| 082 0# - DEWEY DECIMAL CLASSIFICATION NUMBER |
| Classification number |
823.92 CAS |
| 100 1# - MAIN ENTRY--PERSONAL NAME |
| Personal name |
Cassidy, Cathy, |
| Dates associated with a name |
1962- |
| Relator term |
Author |
| 245 10 - TITLE STATEMENT |
| Title |
Summer's Dream / |
| Statement of responsibility, etc. |
Cathy Cassidy. |
| 260 ## - PUBLICATION, DISTRIBUTION, ETC. |
| Place of publication, distribution, etc. |
London : |
| Name of publisher, distributor, etc. |
Puffin Books, |
| Date of publication, distribution, etc. |
2013. |
| 300 ## - PHYSICAL DESCRIPTION |
| Extent |
259, [1] p. ; |
| Dimensions |
20 cm. |
| 490 0# - SERIES STATEMENT |
| Series statement |
The chocolate box girls. |
| 500 ## - GENERAL NOTE |
| General note |
Originally published: 2012. |
| 520 ## - SUMMARY, ETC. |
| Summary, etc. |
Summer has always dreamed of dancing, and when a place at ballet school comes up, she wants it so badly it hurts. Middle school ends and the holidays begin, but unlike her sisters, Summer has no time for lazy days and sunny beach parties. The audition becomes her obsession, and things start spiralling out of control. |
| 521 1# - TARGET AUDIENCE NOTE |
| Target audience note |
9-12. |
| 650 #0 - SUBJECT ADDED ENTRY--TOPICAL TERM |
| Topical term or geographic name entry element |
Ballet |
| Form subdivision |
Juvenile fiction. |
| 650 #0 - SUBJECT ADDED ENTRY--TOPICAL TERM |
| Topical term or geographic name entry element |
Holidays |
| Form subdivision |
Juvenile fiction. |
| 650 #0 - SUBJECT ADDED ENTRY--TOPICAL TERM |
| Topical term or geographic name entry element |
Dreams |
| Form subdivision |
Juvenile fiction. |
| 650 #0 - SUBJECT ADDED ENTRY--TOPICAL TERM |
| Topical term or geographic name entry element |
Friendship |
| Form subdivision |
Juvenile fiction. |
| 942 ## - ADDED ENTRY ELEMENTS (KOHA) |
| Source of classification or shelving scheme |
|
| Koha item type |
Books - Fiction |